Cidades de nascimento dos jogadores da Seleção Brasileira convocados para a Copa do Mundo de 2018 - Statistics

Estatísticas Gerais
  • Esse quiz foi jogado 163 vezes
  • A pontuação média é 14 de 23
Estatísticas das Respostas
Jogador Estado Cidade % Correto
Fagner SP São Paulo
98%
Gabriel Jesus SP São Paulo
98%
Marquinhos SP São Paulo
98%
Paulinho SP São Paulo
98%
Pedro Geromel SP São Paulo
98%
Marcelo RJ Rio de Janeiro
96%
Philippe Coutinho RJ Rio de Janeiro
96%
Renato Augusto RJ Rio de Janeiro
96%
Thiago Silva RJ Rio de Janeiro
96%
Fred MG Belo Horizonte
87%
Roberto Firmino AL Maceió
76%
Fernandinho PR Londrina
62%
Taison RS Pelotas
49%
Neymar SP Mogi das Cruzes
46%
Ederson SP Osasco
43%
Alisson RS Novo Hamburgo
27%
Casemiro SP São José dos Campos
23%
Filipe Luís SC Jaraguá do Sul
18%
Cássio RS Veranópolis
17%
Miranda PR Paranavaí
9%
Danilo MG Bicas
7%
Willian SP Ribeirão Pires
7%
Douglas Costa RS Sapucaia do Sul
7%
Nenhum quiz correspondente encontrado
Distribuição das Pontuações
Porcentagem de Pessoas com Cada Pontuação
Percentil de Números Respondidos
Sua Pontuação Histórica
Você não jogou esse quiz